10 najstarszych państw w Afryce - Statystyki

Ogólne statystyki
  • Ten quiz został rozwiązany 33 razy
  • Średni wynik to 8 z 10
Statystyki odpowiedzi
Rok Od... Państwo % Poprawnych
1947 Włoch Etiopia
100%
1910 Wielkiej Brytanii Republika Południowej Afryki
100%
1922 Wielkiej Brytanii Egipt
94%
1951 Włoch Libia
91%
1956 Francji/Hiszpanii Maroko
91%
1847 Liberia
88%
1956 Francji Tunezja
75%
1956 Wielkiej Brytanii Sudan
63%
1957 Wielkiej Brytanii Ghana
53%
1958 Francji Gwinea
41%
Nie znaleziono quizów pasujących do podanych kryteriów
Rozkład punktacji
Procent ludzi z każdym wynikiem
Percentyl według liczby udzielonych odpowiedzi
Twoja historia wyników
Nie rozwiązałeś tego quizu